=LDR 00000nam 2200000 4500 =001 INLIS000000000031620 =005 20130612133701 =008 ***********************************ind** =035 ##$$0010-061300000031620 =041 ##$$a ind =082 ##$$a F Rom k =090 ##$$a F Rom k, Akb, c =100 ##$$a AKBAR, Rasyid =245 ##$$a Capo Yang Sombong, Rasyid Akbar;Penyunting, Dana Anggara =250 ##$$a Seri Pengantar Tidur. 9 =260 ##$$a 2008 $b Jakarta =300 ##$$a 28 hlm , Ilus, 21 Cm =650 ##$$a FIKSI ANAK_ANAK =700 ##$$a ANGGARA, DANA =850 ##$$a NBPNMAT